| 000 | 00656nam a2200241Ia 4500 | ||
|---|---|---|---|
| 003 | 0100 | ||
| 008 | 130307s9999 xx 000 0 und d | ||
| 020 | _a0060618752 : | ||
| 040 | _cARRUPELIB | ||
| 050 | _aBP161.2.D464 1987 | ||
| 100 | _aDenny, Frederick Mathewson | ||
| 245 | _aIslam and the Muslim community | ||
| 260 | _aSan Francisco : | ||
| 260 | _bHarper & Row | ||
| 260 | _cc1987. | ||
| 300 | _axii | ||
| 300 | _b137 p. : ill. 21 cm. | ||
| 440 | _aReligious traditions of the world | ||
| 650 | _aRELIGION | ||
| 650 | _bFrench language -- Dictionaries - English | ||
| 650 | _cENglish language -- Dictionaries - French | ||
| 942 | 0 | 0 | _01 |
| 999 |
_c96840 _d96840 |
||